000 00315nam a22001217a 4500
020 _a055214505X
082 _a813.54
_bSTE
100 _aSteel, Danielle
245 _aIrresistible forces /
_cDanielle Steel
260 _aGreat Britain :
_bA Corgi Book,
_c2000.
300 _a413 p. ;
_c18 cm.
942 _2ddc
_cBK
999 _c593349
_d593349